| 000 | 00404nam a22001217a 4500 | ||
|---|---|---|---|
| 082 | _aTHE 200 | ||
| 100 |
_aSara Viqar _915735 |
||
| 245 | _aTH-SOF-0797-IMPROVED RECTANGULAR CONTOUR ALGORITHM FOR M-ary RECTANGULAR QAM FOR BLIND CHANNEL EQUALIZATION | ||
| 260 |
_aNUST COLLEGE OF EME _bISLAMABAD _c2001 |
||
| 650 |
_a MS-ELECT-63 MSTHESIS _970424 |
||
| 700 |
_aDr. Shahzad Amin Sheikh _918620 |
||
| 942 | _cCF | ||
| 999 |
_c578821 _d578821 |
||